Exercices & problemes de mathematiques (avec leurs solutions) : a l'usage des classes de Seconde

Αποθηκεύτηκε σε:
Λεπτομέρειες βιβλιογραφικής εγγραφής
Κύριος συγγραφέας: Combes, A. (Andre), 1905-1987
Μορφή: Βιβλίο
Γλώσσα:French
Δημοσίευση: Paris : Librairie Vuibert, 1961-1966
Έκδοση:4e ed.
Θέματα:
Ετικέτες: Προσθήκη ετικέτας
Δεν υπάρχουν, Καταχωρήστε ετικέτα πρώτοι!

MARC

LEADER 00000cam a2200000 i 4500
001 1/6097
008 100324r1961 fre d
035 |l 10107393 
040 |a GR-MY-UA  |b gre  |e aacr 
041 0 |a fre 
082 0 |a 510.76  |2 (22) 
100 1 |a Combes, A.   |q (Andre),   |d 1905-1987. 
245 1 0 |a Exercices & problemes de mathematiques (avec leurs solutions) :  |b a l'usage des classes de Seconde /  |c A. Combes 
246 3 3 |a Exercises and problemes de mathematiques (avec leurs solutions) 
250 |a 4e ed. 
260 |a Paris :   |b Librairie Vuibert,   |c 1961-1966 
300 |a viii, 377 σ.;  |b σχέδια;  |c 21 εκ. 
505 0 |a Classes de 2e 
650 0 0 |a Mathematics  |x Problems, exercises, etc. 
852 |a INST  |b SAMOS  |c MAG  |e 20100324  |h 510.76 COM  |p 005300032132  |q 005300032132  |t BK  |y 0 
901 |a BIBL3-2010-1 
909 |a Σ  |b 162079 
970 |a ΡΟΥΣΣΟΥ  |b ΚΩΝΣΤΑΝΤΙΝΑ  |z 2010/03/24